Statistics for Hey Stephen (TV) - Taylor Swift (All Lyrics)

Click here to take the quiz!

General Stats

  • This quiz has been taken 42 times
    (28 since last reset)
  • The average score is 374 of 416

Answer Stats

Lyrics% Correct
a
100%
an
100%
angel
100%
be
100%
can
100%
can't
100%
Can't
100%
help
100%
Hey
100%
I
100%
If
100%
if
100%
it
100%
like
100%
look
100%
mmm
100%
Mmm,
100%
mmm,
100%
Stephen,
100%
you
100%
you,
100%
you?
100%
All
92%
all,
92%
all
92%
and
92%
And
92%
at
92%
been
92%
'Cause
92%
could
92%
do
92%
don't
92%
else
92%
for
92%
I'll
92%
in
92%
I've
92%
kiss
92%
know
92%
me
92%
my
92%
myself
92%
no
92%
Oh
92%
oh,
92%
Oh,
92%
oh
92%
on
92%
one
92%
rain,
92%
say
92%
should
92%
The
92%
the
92%
there
92%
there's
92%
this
92%
to
92%
wanna
92%
we
92%
when
92%
Why
92%
why
92%
would
92%
yeah
92%
your
92%
as
85%
But
85%
choose
85%
Come
85%
come
85%
feel
85%
feelin'
85%
fifty
85%
girls,
85%
girls
85%
give
85%
It's
85%
it's
85%
light
85%
magic
85%
met
85%
other
85%
reasons
85%
since
85%
so
85%
So
85%
song
85%
talk,
85%
they
85%
things
85%
think
85%
those
85%
walk,
85%
write
85%
You're
85%
beautiful,
77%
beautiful
77%
change
77%
deceivin'
77%
didn't
77%
even
77%
ever
77%
got
77%
Haha
77%
have
77%
looks
77%
name
77%
now
77%
rocks
77%
same
77%
saw
77%
shine,
77%
shine
77%
some
77%
they're
77%
They're
77%
way
77%
well,
77%
window
77%
alone
69%
are
69%
back
69%
believin'
69%
boy,
69%
cold
69%
half
69%
here
69%
holdin'
69%
I'm
69%
might
69%
never
69%
stay
69%
walked,
69%
wanted
69%
wonderful,
69%
aren't
62%
nobody
62%
seen
62%
tossing
62%
waitin'
62%
waiting
62%
always
54%
leavin'?
54%
out
54%
people
54%
perfect
54%
talkin'
54%
thought
54%
tonight?
54%
were
54%
dimming
46%
lights
46%
near
46%
Of
46%
pull
46%
street
46%
woah,
31%
huh
15%

Score Distribution

Percentile by Number Answered

Percent of People with Each Score

Your Score History

You have not taken this quiz since the last reset